000 00913nam a2200277 a 4500
001 BRL_1754
005 20190320211344.0
008 270715s1979----mx-ao#####---#000-0#spa-#
020 _a9681602153
041 _aspa
044 _amx
050 4 _aF1221.T9
_b.V64 1979
100 1 _aVogt, Evon Zartman
_d1918-
_923101
245 1 0 _aOfrendas para los dioses
_bAnálisis simbólico de rituales zinacantecos
_cEvon Z. Vogt ; Traducción de Stella Mastrangelo.
260 _aMéxico
_bFondo de Cultura Económica
_c1979
300 _a328 p.
_bil.
_c21 cm.
440 0 _aSeccioìn de obras de antropologiìa
_927796
500 _aAu1992
504 _aBibliografía: p. 311-322.
504 _aTraducción de: Tortillas for the Gods.
650 1 4 _aTzotziles
_xRitos y ceremonias
_927044
650 1 4 _aTzotziles
_xReligión
_927797
700 1 _aMastrangelo, Stella,
_etr.
_94632
902 _aGRL
942 _2lcc
_cB
999 _c10562
_d10562